| 000 | 00839cam a22002295a 4500 | ||
|---|---|---|---|
| 001 | L154994 | ||
| 008 | 120215s2012 xxk f 000 0 eng d | ||
| 035 | _a(Sirsi) u154994 | ||
| 041 | 0 | _aeng | |
| 110 | 2 |
_aBuilding Cost Information Service _91096 |
|
| 245 | 0 | 0 | _aRICS 2011 Principles of measurement (international) survey report |
| 260 |
_aLondon _bBCIS _c2012 |
||
| 520 | _aDetails the use of the RICS Principles of Measurement (International) (POMI) accross the globe, by RICS fellows and professional members. | ||
| 520 | _aSupersedes 1st ed. (ISBN #0854061088) | ||
| 521 | _aAdvanced | ||
| 590 | _aKA | ||
| 650 | 2 | 4 | _aPOMI |
| 651 | 4 | _aInternational | |
| 690 |
_aMeasurement _96256 |
||
| 856 | 4 | 0 |
_uhttps://www.bcis.co.uk/downloads/RICS-POMISurvey2011Report.pdf _zView the report online for free at www.rics.org. |
| 942 | _n0 | ||
| 999 |
_c113274 _d113274 |
||